| 000 | 00804nam a22002417a 4500 | ||
|---|---|---|---|
| 003 | UA-OsUOA | ||
| 001 | 74552 | ||
| 007 | ta | ||
| 008 | 20110411b un ||||| |||| 00| 0 ukr d | ||
| 090 |
_a821.161.2(059) _bС24 |
||
| 942 | _cBK | ||
| 040 |
_aUA-OsUOA _bukr _cUA-OsUOA _dUA-OsUOA |
||
| 245 |
_aСвітязь _bАльманах Волинської обласної організації Національної Спілки письменників України _cред.-упоряд.Н.Горик |
||
| 300 | _a355 с. | ||
| 955 | _a3 | ||
| 041 | _aukr | ||
| 080 | _a821.161.2(059) | ||
| 020 | _a978-966-8575-66-2 | ||
| 260 |
_aЛуцьк _bВМА "Терен" _c2010 |
||
| 246 | 3 | 1 |
_a1/16 _n |
| 650 | 7 |
_a82 Література. Літературознавство _2UDC |
|
| 999 |
_c360849 _d360849 |
||